000 007720000a22002050004500
041 0 _aSPA
082 0 4 _aG 150 F727v
100 1 _aFornari, Franco
245 1 0 _aLa vida afectiva originaria del niño / Franco Fornari ; Alberto Rueda Estrada, Traductor
260 _aMadrid, España : Fax
300 _a237 Pag.
500 _aTítulo original : La vita affecttiva originaria del bambino
505 0 0 _ala vida afectiva originaria en el desarrollo de la relación objetual -- la vida afectiva originaria y las construcciones de los fantasmas -- la maduración y el desarrollo del yo
650 1 4 _aPSICOLOGIA INFANTIL
001 765
942 _cBK
999 _c32213
_d32213
336 _atexto
_btxt
_2rdacontent
337 _2rdamedia
_asin mediación
_bn
338 _2rdacarrier
_avolumen
_bnc